| 000 | 00336nam a22001457a 4500 | ||
|---|---|---|---|
| 020 | _qPB. | ||
| 040 | _cFIZZA ISHAQ | ||
| 082 |
_a005.1 _bLAN |
||
| 100 |
_aSOMMERVILLE,LAN. _989365 |
||
| 245 |
_aSOFTWARE ENGINEERING / _cLAN SOMMERVILLE. |
||
| 250 | _a10th ED. | ||
| 260 |
_aPEARSON ; _c2020. |
||
| 300 | _a808 P. ; | ||
| 942 |
_2ddc _cBK |
||
| 999 |
_c589703 _d589703 |
||